Manual Prt̀ico do Administrador da Insolvn̊cia

Bibliographic Details
Format: Unknown
Language:Portuguese
Published: Porto : Elcla, 2008
Subjects:
Online Access:Acceso restringido

MARC

LEADER 00000ny a22000003n 4500
005 20110620143621.0
008 080821s2008 po s 000 0 por d
020 |a 9727491545 
035 |a 2153 
040 |a UMA.RE  |d vLex 
080 |a 347.736(469)(0.034):004 
090 |c 895  |d 895 
245 0 0 |a Manual Prt̀ico do Administrador da Insolvn̊cia  |h [Recurso electrn̤ico] 
256 |a Servicio en ln̕ea 
260 |a Porto :  |b Elcla,  |c 2008 
506 1 |a Contenido solo disponible en los productos indicados  |d vLex Global  |d vLex Global (Academic Edition, excluding Law Schools)  |d vLex Global (U.S. Academic Edition, Law Schools)  |d vLex Global (U.S. Academic Edition, excluding Law Schools)  |d vLex Global (Academic Edition, Law Schools) 
650 0 4 |a Quiebra  |b Portugal  
740 0 |a vLex Libros (Servicios en ln̕ea) 
856 4 0 |u http://vlex.com/source/2153  |z Acceso restringido 
942 |c BOOK 
999 0 |a Law  |z Portugal